Manažment obchodnej firmy
Saved in:
| Main Author: | |
|---|---|
| Corporate Author: | |
| Other Authors: | , |
| Format: | Book |
| Language: | Slovak |
| Published: |
Bratislava
Vydavateľstvo EKONÓM
2024
|
| Edition: | 1. vydanie |
| Subjects: | |
| Tags: |
No Tags, Be the first to tag this record!
|
MARC
| LEADER | 00000nam a2200000 4500 | ||
|---|---|---|---|
| 001 | 0306622 | ||
| 005 | 20250218124736.5 | ||
| 020 | |a 978-80-225-5192-2 | ||
| 041 | 0 | |a slo | |
| 044 | |a SK | ||
| 245 | 1 | 0 | |a Manažment obchodnej firmy |c Monika Matušovičová ; recenzenti: Pavol Kita, Pavol Štuller |
| 250 | |a 1. vydanie | ||
| 264 | 1 | |a Bratislava |b Vydavateľstvo EKONÓM |c 2024 | |
| 300 | |a 82 s. [4,48 AH] | ||
| 610 | 2 | 0 | |a firmy |
| 610 | 2 | 0 | |a obchod |
| 610 | 2 | 0 | |a manažment |
| 610 | 2 | 0 | |a internacionalizácia |
| 610 | 2 | 0 | |a riadenie obchodu |
| 610 | 2 | 0 | |a plánovanie podnikové |
| 610 | 2 | 0 | |a organizácia podniku |
| 610 | 2 | 0 | |a riadenie ľudských zdrojov |
| 610 | 2 | 0 | |a vedenie podniku |
| 610 | 2 | 0 | |a kontrola |
| 610 | 2 | 0 | |a kontroling |
| 610 | 2 | 0 | |a rozhodovanie podnikové |
| 100 | 1 | |a Matušovičová, Monika, 1967- | |
| 700 | 1 | |a Kita, Pavol | |
| 700 | 1 | |a Štuller, Pavol, 1975- | |
| 710 | 2 | |a Ekonomická univerzita v Bratislave. Obchodná fakulta | |